000 00638nam a2200241Ia 4500
003 OSt
005 20220924132421.0
006 a|||||r|||| 00| 0
007 ta
008 220923b |||||||| |||| 00| 0 san d
024 _a53312
037 _cTextual
040 _aARTS
_cARTS
_bsan
041 _2san
_asan
082 _aP15, 15K2
100 _aMisra Adya Prasada
_9204265
245 0 _aPrakriya kaumdi vimarsah
260 _c1962
490 _aSarsasvati bhavana studies ed by Baladeva Upadhyaya; 16
650 _aLINGUISTICS
942 _hP15, 15K2
_cTEXL
_2CC
999 _c430234
_d430234